<?xml version="1.0" encoding="UTF-8"?>
<record
    xmlns:xsi="http://www.w3.org/2001/XMLSchema-instance"
    xsi:schemaLocation="http://www.loc.gov/MARC21/slim http://www.loc.gov/standards/marcxml/schema/MARC21slim.xsd"
    xmlns="http://www.loc.gov/MARC21/slim">

  <leader>00752nam a2200157   4500</leader>
  <controlfield tag="008">779.092 G216d</controlfield>
  <datafield tag="020" ind1=" " ind2=" ">
    <subfield code="a">9789945868210</subfield>
  </datafield>
  <datafield tag="082" ind1=" " ind2=" ">
    <subfield code="a">779.092</subfield>
    <subfield code="b">G216d</subfield>
  </datafield>
  <datafield tag="100" ind1=" " ind2=" ">
    <subfield code="a">Centro Cultural de Espa&#xF1;a en Santo Domingo</subfield>
    <subfield code="9">6536</subfield>
  </datafield>
  <datafield tag="245" ind1=" " ind2=" ">
    <subfield code="a">Diversidad:</subfield>
    <subfield code="b">la diferencia como definici&#xF3;n</subfield>
  </datafield>
  <datafield tag="260" ind1=" " ind2=" ">
    <subfield code="a">Santo Domingo</subfield>
    <subfield code="b">Centro Cultural de Espa&#xF1;a en Santo Domingo</subfield>
    <subfield code="c">2010</subfield>
  </datafield>
  <datafield tag="300" ind1=" " ind2=" ">
    <subfield code="a">112 p.</subfield>
    <subfield code="b">ill (col)</subfield>
    <subfield code="c">25.5 x 25.5 cm</subfield>
  </datafield>
  <datafield tag="505" ind1=" " ind2=" ">
    <subfield code="t">Presentaci&#xF3;n</subfield>
    <subfield code="r">Joaqu&#xED;n Benito</subfield>
    <subfield code="t">Sobre la diferencia</subfield>
    <subfield code="r">Rosa Olivares</subfield>
    <subfield code="t">Artistas</subfield>
    <subfield code="t">Carmela Garc&#xED;a</subfield>
    <subfield code="t">Amparo Garrido</subfield>
    <subfield code="t">Germ&#xE1;n G&#xF3;mez</subfield>
    <subfield code="t">Ali Hanoon</subfield>
    <subfield code="t">Jes&#xFA;s Mic&#xF3;</subfield>
    <subfield code="t">Tanit Plana</subfield>
    <subfield code="t">Miguel Trillo</subfield>
    <subfield code="t">Jes&#xFA;s Ubera</subfield>
  </datafield>
  <datafield tag="650" ind1=" " ind2=" ">
    <subfield code="x">arte contempor&#xE1;neo</subfield>
    <subfield code="x">fotograf&#xED;a</subfield>
    <subfield code="x">cat&#xE1;logo de exhibici&#xF3;n</subfield>
    <subfield code="x">Espa&#xF1;a</subfield>
    <subfield code="9">6537</subfield>
  </datafield>
  <datafield tag="700" ind1=" " ind2=" ">
    <subfield code="a">Benito, Joaqu&#xED;n; Olivares, Rosa</subfield>
    <subfield code="9">6538</subfield>
  </datafield>
  <datafield tag="999" ind1=" " ind2=" ">
    <subfield code="c">1556</subfield>
    <subfield code="d">1556</subfield>
  </datafield>
  <datafield tag="952" ind1=" " ind2=" ">
    <subfield code="0">0</subfield>
    <subfield code="1">0</subfield>
    <subfield code="2">ddc</subfield>
    <subfield code="4">0</subfield>
    <subfield code="7">0</subfield>
    <subfield code="a">LV</subfield>
    <subfield code="b">LV</subfield>
    <subfield code="c">Colectivas</subfield>
    <subfield code="d">2018-07-14</subfield>
    <subfield code="l">0</subfield>
    <subfield code="o">779.092 G216d</subfield>
    <subfield code="p">004607</subfield>
    <subfield code="r">2018-07-14 00:00:00</subfield>
    <subfield code="w">2018-07-14</subfield>
    <subfield code="y">01</subfield>
  </datafield>
</record>
